| 000 | 00489nam a2200169 i 4500 | ||
|---|---|---|---|
| 001 | 81888 | ||
| 003 | ES-MaACL | ||
| 005 | 20230906174531.0 | ||
| 007 | t| | ||
| 008 | 041108s1966 sp ||||1| spa d | ||
| 100 | 1 |
_aIglesias Díaz, José. _965109 |
|
| 245 | 1 | 3 |
_aLa sicología francesa a través del lenguaje / _cJosé Iglesias Díaz. |
| 260 |
_aMadrid : _b[s.n., _c1966] |
||
| 300 |
_a104 p. ; _c19 cm. |
||
| 852 |
_aES-MaACL _jC-31712 _bR.61464 |
||
| 852 |
_aES-MaACL _jC-40278 _bR.76078 |
||
| 999 |
_c81888 _d81888 |
||